[Event "NOR-chT Codanserien 2017-18"]
[Site "Oslo"]
[Date "2018.01.13"]
[Round "5"]
[White "Gabrielsen, Trond"]
[Black "Holm, Kristian Stuvik"]
[Result "0-1"]
[WhiteElo "2280"]
[BlackElo "2436"]
[Annotator "TA"]
[PlyCount "102"]
[EventDate "2018.??.??"]
[EventType "team-tourn"]
[EventCountry "NOR"]
[SourceTitle "playchess.com"]
[Source "ChessBase"]
[SourceQuality "1"]

{[%evp 19,102,-18,-9,-21,-14,-25,0,-17,-15,-11,-8,-10,-9,-30,-21,-17,-14,-37,-50,-61,-35,-49,-12,-35,-34,-23,-26,-71,-33,-42,-13,-81,-82,-115,-118,-120,-118,-133,-120,-162,-143,-141,-136,-139,-140,-206,-211,-216,-137,-151,-119,-162,-151,-143,-144,-167,0,-553,-533,-674,-639,-891,-893,-882,-882,-864,-860,-815,-737,-651,-660,-778,-640,-613,-511,-548,-548,-447,-423,-591,-586,-581,-518,-842,-827]} 1. e4 c5 2. Nf3 g6 3. c3 d5 4. exd5 Qxd5 5. Na3 Bg7 6. d4 cxd4 7. Bc4 {B06: Modern Defence} Qe4+ 8. Be3 Nh6 9. cxd4 (9. Nb5 O-O 10. cxd4 Nf5 11. Qe2 Nc6 12. O-O Nd6 13. Nc3 Qf5 14. Bb3 Qh5 {½-½ (46) Navara,D (2726)-Guseinov,G (2647) Antalya 2017}) 9... O-O 10. Qb3 Nc6 {[%cal Rc6d4] LiveBook: 4 Games} 11. Bd3 Qg4 $1 {[%cal Rg4g2]} 12. O-O Qh5 $146 ({Find the theoretical novelty and annotate with similar games:} 12... Nf5 13. h3 Qh5 14. Be2 Nxe3 15. fxe3 {0-1 (34) Garcia Blanco,O (2253)-Arenas Vanegas,D (2437) Barcelona 2013}) 13. Be4 Ng4 14. Rad1 $1 Nf6 15. Bxc6 bxc6 16. Ne5 Ng4 17. Nxg4 Bxg4 18. Rc1 Be6 19. Qd1 Qa5 20. Rxc6 Bxa2 21. Rc5 Qb4 22. Rb5 Qd6 23. Qa4 Bd5 24. Rc5 Qe6 25. Qc2 (25. Qa5 $11 Rfd8 26. Re1) 25... Rfc8 $40 {[%mdl 128] Black has strong attack.} 26. Qd2 Rxc5 $1 27. dxc5 {[#]} Bxb2 $1 {[%mdl 512]} 28. Nb5 {[#]} ({Avoid the trap} 28. Qxb2 $2 Qe4 $19) 28... Be5 $1 29. f4 Bc4 30. Rb1 Bxb5 31. Rxb5 Bc7 32. Rb1 (32. g3 $17 {keeps fighting.}) 32... a5 $19 33. Bd4 Rd8 34. Qe3 Qd5 35. Ba1 Qa2 36. Re1 Rd2 37. Qe4 {[#]} f6 $2 (37... f5 $1 $19 {[%cal Rf5e4]} 38. Qc6 Kf8) 38. Bxf6 $2 {[%mdl 8192]} (38. Bc3 $11) 38... exf6 {Black is clearly winning.} 39. Qe8+ Kg7 40. Re7+ Kh6 41. Qf8+ Kh5 42. Rxh7+ Kg4 {[%cal Rd2d1]} 43. Rh4+ Kf5 {[%cal Rd2d1]} 44. Qc8+ Ke4 {[%cal Rd2d1]} 45. Qe8+ Kd3 46. Qxg6+ Ke2 {[%cal Rd2d1]} 47. Qe4+ Kd1 {...f5 is the strong threat.} 48. Rh3 {Threatens to win with Rc3.} Qc2 49. Qf3+ Kc1 {( -> ...Rd1+)} 50. Qa3+ Qb2 {[%cal Rd2d1]} 51. Rc3+ (51. Qxb2+ $142 Kxb2 52. Rh7 Bxf4 53. Ra7) 51... Kb1 {Precision: White = 35%, Black = 70%.} 0-1

[Event "NOR-chT Codanserien 2017-18"]
[Site "Oslo"]
[Date "2018.01.13"]
[Round "5"]
[White "Flermoen, Peter"]
[Black "Skrondal, Inge Sandstad"]
[Result "1/2-1/2"]
[WhiteElo "2259"]
[BlackElo "2239"]
[Annotator "NA"]
[PlyCount "30"]
[EventDate "2018.??.??"]
[EventType "team-tourn"]
[EventCountry "NOR"]
[SourceTitle "playchess.com"]
[Source "ChessBase"]
[SourceQuality "1"]
[TimeControl "40/5400+30:1800+30"]

1. e4 {[%emt 0:00:00]} c5 {[%emt 0:00:12]} 2. Nc3 {[%emt 0:00:00]} Nc6 {[%emt 0:00:03]} 3. Nf3 {[%emt 0:00:00]} g6 {[%emt 0:01:20]} 4. g3 {[%emt 0:00:00]} Bg7 {[%emt 0:00:16]} 5. Bg2 {[%emt 0:00:00]} d6 {[%emt 0:01:46]} 6. O-O {[%emt 0:00:06]} Nf6 {[%emt 0:01:48]} 7. h3 {[%emt 0:00:41]} Rb8 {[%emt 0:03:22]} 8. Re1 {[%emt 0:07:27]} e5 {[%emt 0:01:23]} 9. Rb1 {[%emt 0:00:57]} O-O {[%emt 0:08:34]} 10. d3 {[%emt 0:00:13]} b6 {[%emt 0:06:47]} 11. Be3 {[%emt 0:00:31]} Bb7 {[%emt 0:04:27]} 12. g4 {[%emt 0:01:55]} d5 {[%emt 0:11:35]} 13. g5 {[%emt 0:02:35]} Nxe4 {[%emt 0:00:11]} 14. Nxe4 {[%emt 0:17:35]} dxe4 {[%emt 0:04:58]} 15. dxe4 {[%emt 0:02:07]} Qxd1 {[%emt 0:11:42]} 1/2-1/2

[Event "NOR-chT Codanserien 2017-18"]
[Site "Oslo"]
[Date "2018.01.13"]
[Round "5"]
[White "Gudbrandsen, Gustav"]
[Black "Nielsen, Andre"]
[Result "1-0"]
[WhiteElo "2235"]
[BlackElo "2152"]
[Annotator "NA"]
[PlyCount "109"]
[EventDate "2018.??.??"]
[EventType "team-tourn"]
[EventCountry "NOR"]
[SourceTitle "playchess.com"]
[Source "ChessBase"]
[SourceQuality "1"]
[TimeControl "40/5400+30:1800+30"]

1. e4 {[%emt 0:00:00]} e5 {[%emt 0:00:13]} 2. Nf3 {[%emt 0:00:25]} Nc6 {[%emt 0:00:13]} 3. Bc4 {[%emt 0:00:46]} Nf6 {[%emt 0:00:53]} 4. d3 {[%emt 0:00:30]} Bc5 {[%emt 0:00:46]} 5. O-O {[%emt 0:00:27]} d6 {[%emt 0:02:09]} 6. Be3 {[%emt 0:00:46]} Bb6 {[%emt 0:02:33]} 7. Bxb6 {[%emt 0:07:50]} axb6 {[%emt 0:00:18]} 8. c3 {[%emt 0:04:18]} O-O {[%emt 0:02:41]} 9. Nbd2 {[%emt 0:02:39]} Ne7 {[%emt 0:11:19]} 10. d4 {[%emt 0:06:35]} Ng6 {[%emt 0:02:19]} 11. Re1 {[%emt 0:03:54]} Qe7 {[%emt 0:15:36]} 12. b4 {[%emt 0:03:51]} Nf4 {[%emt 0:04:23]} 13. Nf1 {[%emt 0:04:59]} g6 {[%emt 0:09:18]} 14. a4 {[%emt 0:06:05]} h5 {[%emt 0:08:31]} 15. Ng3 {[%emt 0:09:29]} Bg4 {[%emt 0:02:34]} 16. h3 {[%emt 0:07:15]} Bd7 {[%emt 0:10:24]} 17. Ne2 {[%emt 0:06:13]} Nxe2+ {[%emt 0:04:40]} 18. Rxe2 {[%emt 0:00:34]} Rad8 {[%emt 0:01:50]} 19. Qc1 {[%emt 0:05:56]} Nh7 {[%emt 0:03:58]} 20. a5 {[%emt 0:05:12]} b5 {[%emt 0:01:11]} 21. Bd5 {[%emt 0:00:17]} c6 {[%emt 0:00:46]} 22. Bb3 {[%emt 0:00:11]} Qf6 {[%emt 0:02:38]} 23. dxe5 {[%emt 0:01:43]} dxe5 {[%emt 0:00:14]} 24. Qe3 {[%emt 0:00:35]} g5 {[%emt 0:01:31]} 25. Qc5 {[%emt 0:07:59]} Rfe8 {[%emt 0:02:30]} 26. Rd2 {[%emt 0:01:36]} Nf8 {[%emt 0:04:17]} 27. Rad1 {[%emt 0:03:58]} g4 {[%emt 0:01:36]} 28. hxg4 {[%emt 0:00:38]} hxg4 {[%emt 0:00:23]} 29. Nh2 {[%emt 0:00:09]} Be6 {[%emt 0:03:33]} 30. Bxe6 {[%emt 0:05:32]} Nxe6 {[%emt 0:00:56]} 31. Rxd8 {[%emt 0:00:27]} Rxd8 {[%emt 0:00:11]} 32. Rxd8+ {[%emt 0:00:15]} Qxd8 {[%emt 0:01:11]} 33. Qxe5 {[%emt 0:00:28]} Qd2 {[%emt 0:00:38]} 34. g3 {[%emt 0:02:50]} Qg5 {[%emt 0:00:32]} 35. Qb8+ {[%emt 0:01:00]} Kg7 {[%emt 0:00:37]} 36. Kg2 {[%emt 0:00:32]} Qg6 {[%emt 0:00:24]} 37. Qe5+ {[%emt 0:00:22]} Kh7 {[%emt 0:00:30]} 38. Qf5 {[%emt 0:00:29]} Qxf5 {[%emt 0:00:40]} 39. exf5 {[%emt 0:00:11]} Ng5 {[%emt 0:00:31]} 40. Nxg4 {[%emt 0:01:22]} Ne4 {[%emt 0:30:16]} 41. Ne5 {[%emt 0:31:18]} Nxc3 {[%emt 0:00:00]} 42. a6 {[%emt 0:00:00]} bxa6 {[%emt 0:00:00]} 43. Nxc6 {[%emt 0:00:00]} Kg7 {[%emt 0:00:00]} 44. g4 {[%emt 0:00:00]} Kf6 {[%emt 0:00:00]} 45. f4 {[%emt 0:00:00]} Nd5 {[%emt 0:00:00]} 46. Kf3 {[%emt 0:00:00]} Nc3 {[%emt 0:00:00]} 47. Nb8 {[%emt 0:00:00]} a5 {[%emt 0:00:00]} 48. bxa5 {[%emt 0:00:00]} b4 {[%emt 0:00:00]} 49. Nd7+ {[%emt 0:00:00]} Ke7 {[%emt 0:00:00]} 50. Nc5 {[%emt 0:00:00]} Nd5 {[%emt 0:00:29]} 51. a6 {[%emt 0:00:00]} Kd6 {[%emt 0:01:00]} 52. a7 {[%emt 0:00:00]} Nc7 {[%emt 0:02:27]} 53. Na6 {[%emt 0:00:00]} b3 {[%emt 0:00:12]} 54. Nxc7 {[%emt 0:00:00]} b2 {[%emt 0:00:17]} 55. Nb5+ {[%emt 0:00:00]} 1-0

[Event "NOR-chT Codanserien 2017-18"]
[Site "Oslo"]
[Date "2018.01.13"]
[Round "5"]
[White "Svendsen, Bertil"]
[Black "Muhseen Abdullah Mohammed"]
[Result "1-0"]
[WhiteElo "2222"]
[BlackElo "2207"]
[Annotator "NA"]
[PlyCount "163"]
[EventDate "2018.??.??"]
[EventType "team-tourn"]
[EventCountry "NOR"]
[SourceTitle "playchess.com"]
[Source "ChessBase"]
[SourceQuality "1"]
[TimeControl "40/5400+30:1800+30"]

1. d4 {[%emt 0:00:00]} g6 {[%emt 0:00:07]} 2. Nf3 {[%emt 0:00:16]} Bg7 {[%emt 0:00:17]} 3. g3 {[%emt 0:00:33]} b5 {[%emt 0:00:43]} 4. Qd3 {[%emt 0:01:43]} a6 {[%emt 0:01:11]} 5. Bg2 {[%emt 0:01:22]} Bb7 {[%emt 0:00:08]} 6. Nbd2 {[%emt 0:01:31]} Nf6 {[%emt 0:05:37]} 7. O-O {[%emt 0:00:51]} O-O {[%emt 0:00:31]} 8. e4 {[%emt 0:12:09]} d6 {[%emt 0:00:19]} 9. Re1 {[%emt 0:02:35]} c5 {[%emt 0:05:34]} 10. c3 {[%emt 0:05:59]} Nc6 {[%emt 0:06:18]} 11. a3 {[%emt 0:06:46]} Qb6 {[%emt 0:02:58]} 12. h3 {[%emt 0:13:32]} Rfd8 {[%emt 0:05:45]} 13. d5 {[%emt 0:13:03]} c4 {[%emt 0:02:31]} 14. Qc2 {[%emt 0:03:18]} Na5 {[%emt 0:02:49]} 15. Nd4 {[%emt 0:04:17]} Nd7 {[%emt 0:03:37]} 16. N2f3 {[%emt 0:00:10]} Nc5 {[%emt 0:00:41]} 17. Be3 {[%emt 0:01:29]} Qc7 {[%emt 0:00:08]} 18. Nd2 {[%emt 0:08:27]} e6 {[%emt 0:03:24]} 19. Rab1 {[%emt 0:02:11]} Rac8 {[%emt 0:04:47]} 20. dxe6 {[%emt 0:03:42]} fxe6 {[%emt 0:02:22]} 21. h4 {[%emt 0:00:06]} Rf8 {[%emt 0:01:03]} 22. Re2 {[%emt 0:00:34]} Qb8 {[%emt 0:07:06]} 23. Bh3 {[%emt 0:06:29]} Rce8 {[%emt 0:04:05]} 24. Ree1 {[%emt 0:01:58]} Qa8 {[%emt 0:07:10]} 25. Bg2 {[%emt 0:00:04]} e5 {[%emt 0:02:17]} 26. Ne2 {[%emt 0:00:24]} Nab3 {[%emt 0:00:04]} 27. Nc1 {[%emt 0:04:39]} Nxd2 {[%emt 0:10:38]} 28. Bxd2 {[%emt 0:00:06]} Rf7 {[%emt 0:00:25]} 29. b4 {[%emt 0:01:43]} Nd7 {[%emt 0:02:39]} 30. Bg5 {[%emt 0:02:12]} h6 {[%emt 0:01:11]} 31. Be3 {[%emt 0:00:49]} Nf6 {[%emt 0:00:31]} 32. Bb6 {[%emt 0:00:25]} Bc6 {[%emt 0:00:45]} 33. f3 {[%emt 0:00:26]} d5 {[%emt 0:00:28]} 34. exd5 {[%emt 0:00:21]} Bxd5 {[%emt 0:00:44]} 35. Rf1 {[%emt 0:01:55]} Kh7 {[%emt 0:01:32]} 36. Be3 {[%emt 0:01:13]} h5 {[%emt 0:01:58]} 37. Qe2 {[%emt 0:00:19]} e4 {[%emt 0:01:25]} 38. f4 {[%emt 0:00:16]} Ng4 {[%emt 0:00:56]} 39. Bh3 {[%emt 0:00:37]} Nh6 {[%emt 0:04:11]} 40. f5 {[%emt 0:00:50]} Ref8 {[%emt 0:34:31]} 41. fxg6+ {[%emt 0:05:35]} Kxg6 {[%emt 0:00:00]} 42. Rxf7 {[%emt 0:00:24]} Rxf7 {[%emt 0:00:00]} 43. Qd2 {[%emt 0:01:13]} Bb7 {[%emt 0:00:00]} 44. Ne2 {[%emt 0:01:19]} Bc8 {[%emt 0:00:00]} 45. Bg2 {[%emt 0:05:52]} Bg4 {[%emt 0:00:00]} 46. Nd4 {[%emt 0:02:29]} Nf5 {[%emt 0:00:00]} 47. Nxf5 {[%emt 0:02:02]} Rxf5 {[%emt 0:00:00]} 48. Bf4 {[%emt 0:01:09]} Bf3 {[%emt 0:00:00]} 49. Bxf3 {[%emt 0:03:11]} exf3 {[%emt 0:00:00]} 50. Qe3 {[%emt 0:01:00]} Rf8 {[%emt 0:00:00]} 51. Re1 {[%emt 0:03:32]} Qc6 {[%emt 0:00:00]} 52. Qe7 {[%emt 0:03:12]} Rf6 {[%emt 0:00:00]} 53. Kf2 {[%emt 0:00:53]} Qb6+ {[%emt 0:04:26]} 54. Kxf3 {[%emt 0:02:14]} Qc6+ {[%emt 0:00:18]} 55. Kf2 {[%emt 0:01:14]} Bf8 {[%emt 0:02:48]} 56. Qd8 {[%emt 0:01:41]} Qb6+ {[%emt 0:00:29]} 57. Qxb6 {[%emt 0:00:07]} Rxb6 {[%emt 0:00:06]} 58. Re5 {[%emt 0:00:57]} Bh6 {[%emt 0:01:40]} 59. Bxh6 {[%emt 0:00:16]} Kxh6 {[%emt 0:00:01]} 60. Rd5 {[%emt 0:00:20]} Rf6+ {[%emt 0:00:39]} 61. Ke3 {[%emt 0:00:34]} Rg6 {[%emt 0:00:03]} 62. Kf4 {[%emt 0:00:41]} Rg4+ {[%emt 0:00:02]} 63. Kf3 {[%emt 0:00:11]} Rg6 {[%emt 0:00:02]} 64. a4 {[%emt 0:00:42]} bxa4 {[%emt 0:00:38]} 65. Ra5 {[%emt 0:00:07]} Rd6 {[%emt 0:00:05]} 66. Rxa4 {[%emt 0:00:27]} Rd3+ {[%emt 0:00:08]} 67. Kf4 {[%emt 0:00:21]} Rxc3 {[%emt 0:00:08]} 68. Rxa6+ {[%emt 0:00:08]} Kg7 {[%emt 0:00:38]} 69. Rc6 {[%emt 0:00:12]} Kh7 {[%emt 0:00:12]} 70. Rc7+ {[%emt 0:02:38]} Kg6 {[%emt 0:00:19]} 71. Rc6+ {[%emt 0:00:04]} Kg7 {[%emt 0:00:19]} 72. Rc5 {[%emt 0:01:11]} Kg6 {[%emt 0:00:34]} 73. b5 {[%emt 0:00:13]} Rb3 {[%emt 0:00:02]} 74. Rg5+ {[%emt 0:00:41]} Kh6 {[%emt 0:00:27]} 75. Ke4 {[%emt 0:00:17]} Rd3 {[%emt 0:03:03]} 76. Rc5 {[%emt 0:00:26]} Rb3 {[%emt 0:00:21]} 77. Kd4 {[%emt 0:00:33]} c3 {[%emt 0:00:12]} 78. Kd3 {[%emt 0:00:13]} c2+ {[%emt 0:00:29]} 79. Kxc2 {[%emt 0:00:05]} Rxg3 {[%emt 0:00:01]} 80. b6 {[%emt 0:00:19]} Rg6 {[%emt 0:00:07]} 81. Rb5 {[%emt 0:00:08]} Rg8 {[%emt 0:00:08]} 82. Kb3 {[%emt 0:00:31]} 1-0

[Event "NOR-chT Codanserien 2017-18"]
[Site "Oslo"]
[Date "2018.01.13"]
[Round "5"]
[White "Christenson, Flemming"]
[Black "Hansen, Torbjorn Ringdal"]
[Result "0-1"]
[WhiteElo "2207"]
[BlackElo "2410"]
[Annotator "TA"]
[PlyCount "108"]
[EventDate "2018.??.??"]
[EventType "team-tourn"]
[EventCountry "NOR"]
[SourceTitle "playchess.com"]
[Source "ChessBase"]
[SourceQuality "1"]

{[%evp 16,108,81,56,93,41,57,50,48,35,55,2,17,-18,0,-16,-13,-7,0,-41,-32,-47,-43,-48,-53,-42,-55,-91,-93,-91,-99,-87,-99,-114,-89,-90,-103,-112,-102,-105,-90,-204,-204,-216,-202,-209,-203,-208,-210,-267,-151,-252,-227,-241,-151,-159,-159,-155,-155,-155,-155,-155,-155,-155,-158,-292,-277,-290,-229,-295,-155,-275,-155,-342,-343,-364,-384,-968,-920,-1363,-1302,-818,-766,-668,-616,-2744,-2584,-2710,-2729,-5069,-3042,-5509,-3604,-6382,-5806]} 1. d4 Nf6 2. Bf4 g6 3. Nc3 Bg7 4. e4 d6 5. Qd2 c6 6. Bh6 Bxh6 7. Qxh6 Nbd7 {B07: Pirc Defence: Miscellaneous Systems} 8. Nf3 Qa5 9. Bd3 {LiveBook: 28 Games} e5 {White is slightly better.} 10. dxe5 (10. O-O-O $16) 10... dxe5 $14 11. O-O Qc5 12. a4 a5 $146 ({Predecessor:} 12... b6 13. Nb1 a6 14. Nbd2 Bb7 15. Nc4 O-O-O 16. Qe3 Rhe8 17. Qxc5 Nxc5 18. Ncxe5 Nfxe4 19. Bxe4 Nxe4 20. Nxf7 {1-0 (35) Hodgson,J (2615)-Fyfe,G Aberdeen 1996}) 13. Kh1 (13. Nb1 $14) 13... Qf8 14. Qh4 Qe7 15. Bc4 Nh5 16. Qg5 Nf4 17. Rad1 f6 $1 {[%cal Rf6g5]} 18. Qh4 Nb6 19. Bb3 g5 20. Qh6 Bg4 21. Rd2 Bxf3 22. gxf3 Qf8 23. Qxf8+ Rxf8 24. Re1 Ke7 25. Ne2 Nxe2 26. Rexe2 Rad8 27. Kg2 Nd7 28. Kf1 (28. Bc4 $17 {was worth a try.}) 28... Nc5 $19 29. Ke1 Rxd2 30. Rxd2 Rd8 31. Rxd8 Kxd8 {[%mdl 4096] Endgame KB-KN} 32. Kd2 {[#]} Ke7 (32... h6 $1 $19 33. Bg8 Nxa4) 33. Kc3 (33. Bg8 $17 {was the only chance.}) 33... Kd6 34. Kc4 Ne6 35. c3 Nf4 36. Bd1 Nh3 37. Be2 Nxf2 38. b4 b6 39. Kb3 Nh3 40. Bd1 (40. Kb2 $17) 40... Nf4 41. Kc4 h5 42. Bc2 Ne6 (42... axb4 $19 43. cxb4 Ne2) 43. Bd1 (43. bxa5 $17 bxa5 44. Kd3) 43... h4 (43... axb4 $19 44. Kxb4 Nf4) 44. Be2 $2 (44. bxa5 $17 bxa5 45. Kd3) 44... axb4 45. Kxb4 {[#]} Nc5 $1 46. a5 $2 (46. Kc4) 46... bxa5+ {Black is clearly winning.} 47. Kxa5 {[#]} g4 $1 {[%mdl 512]} 48. fxg4 Nxe4 49. Kb4 Nd2 50. Ka3 e4 {[%cal Be5e4,Be4e3][%mdl 32]} 51. Kb4 Nf3 52. Kc4 Ke5 53. h3 Ng1 54. Bf1 e3 {Precision: White = 28%, Black = 62%.} 0-1

[Event "NOR-chT Codanserien 2017-18"]
[Site "Oslo"]
[Date "2018.01.13"]
[Round "5"]
[White "Hammerstad, Asmund"]
[Black "Getz, Nicolai"]
[Result "0-1"]
[WhiteElo "2197"]
[BlackElo "2423"]
[Annotator "TA"]
[PlyCount "88"]
[EventDate "2018.??.??"]
[EventType "team-tourn"]
[EventCountry "NOR"]
[SourceTitle "playchess.com"]
[Source "ChessBase"]
[SourceQuality "1"]

{[%evp 19,87,12,31,-11,-10,0,0,0,0,9,0,0,10,10,17,0,44,16,41,41,39,52,50,45,53,61,46,20,41,38,27,-18,-25,-26,0,-26,-10,-20,3,0,0,0,0,37,22,23,24,24,24,0,0,0,8,8,8,0,8,0,0,0,0,-29989,0,-29996,-29997,-29997,-29998,-29998,-29999,-29999]} 1. d4 Nf6 2. c4 g6 3. Nc3 Bg7 4. e4 d6 5. Nf3 O-O 6. Be2 e5 7. O-O Nc6 8. dxe5 dxe5 9. Bg5 Qxd1 10. Rfxd1 Bg4 {LiveBook: 81 Partien} 11. Nd2 {Schwarz muss nun Lxf6 beachten. E97: Königsindisch (Klassisches System)} (11. h3 Bxf3 12. Bxf3 Nd4 13. Nd5 Nxd5 14. cxd5 c6 15. Rac1 cxd5 16. exd5 e4 17. Be3 exf3 18. Bxd4 Bxd4 19. Rxd4 {1-0 (77) Ragger,M (2695)-Saric,I (2678) Germany 2016}) 11... Bxe2 12. Nxe2 h6 13. Bh4 $146 {Die Stellung ist ausgeglichen.} ({Vorgänger:} 13. Be3 Rfd8 14. Nc3 Nd4 15. Nd5 Nxd5 16. cxd5 f5 17. Bxd4 exd4 18. f3 fxe4 19. fxe4 {½-½ (32) Palo,D (2065)-Petri Petersen,T Aarhus 1999}) 13... g5 14. Bg3 Nh5 15. Nb3 Nf4 16. Nc3 Nd4 17. Bxf4 gxf4 18. Nd5 c6 19. Ne7+ Kh7 20. Nxd4 exd4 21. Nf5 Rad8 22. Rd3 Rfe8 23. Re1 Re6 24. Kf1 (24. g3 {looks sharper.} fxg3 25. hxg3 c5 26. Kg2 Ra6 27. a3) 24... c5 25. Nxg7 Kxg7 $11 {[%mdl 4096] Endspiel KTT-KTT} 26. Ra3 Rb6 27. Re2 a6 28. Rf3 Rb4 (28... d3 $5 29. Rd2 $8 Rd4 $11) 29. b3 a5 30. Rd2 a4 31. Rdd3 axb3 32. axb3 Ra8 33. Rxf4 Ra3 34. Rg3+ Kf8 35. Rgf3 Rbxb3 36. Rxf7+ Ke8 $1 37. Rf8+ Ke7 38. R3f7+ Ke6 {( -> ...Tb1+)} 39. g3 {Und weiter mit Tf5 wäre nett.} d3 {Droht ...Tb1+ und aus.} 40. f4 $2 {[%mdl 8192]} (40. Rf5 $11 Rb1+ 41. Kg2) 40... Ra1+ $2 (40... Ra2 {setzt Matt} 41. Rf6+ Kd7 42. R6f7+ Kc6 43. Rf6+ Kc7 44. R6f7+ Kb6 45. Rf6+ Ka7 46. Ra6+ bxa6 47. Rf7+ Kb6 48. Rf6+ Ka5 49. Rxa6+ Kxa6 50. h4 Rb1#) 41. Kf2 $2 {[%mdl 8192] [#]} (41. Kg2 $11 d2 42. f5+ Ke5 43. Re8+ Kd4 44. Rd7+ Ke3 45. Red8) 41... Ra2+ $1 {Schwarz setzt Matt.} 42. Ke3 d2+ 43. Ke2 {[#]} d1=Q+ $1 {[%mdl 512]} 44. Kxd1 Rb1# {Precision: Weiß = 43%, Schwarz = 48%.} 0-1

[Event "NOR-chT Codanserien 2017-18"]
[Site "Oslo"]
[Date "2018.01.13"]
[Round "5"]
[White "Sahl, Sheila Barth"]
[Black "Johansen, Terje"]
[Result "0-1"]
[WhiteElo "2178"]
[BlackElo "2252"]
[Annotator "NA"]
[PlyCount "106"]
[EventDate "2018.??.??"]
[EventType "team-tourn"]
[EventCountry "NOR"]
[SourceTitle "playchess.com"]
[Source "ChessBase"]
[SourceQuality "1"]
[TimeControl "40/5400+30:1800+30"]

1. e4 {[%emt 0:00:00]} Nf6 2. e5 {[%emt 0:00:02]} Nd5 {[%emt 0:00:29]} 3. d4 {[%emt 0:00:07]} d6 {[%emt 0:00:09]} 4. c4 {[%emt 0:00:10]} Nb6 {[%emt 0:00:07]} 5. f4 {[%emt 0:00:19]} dxe5 {[%emt 0:00:16]} 6. fxe5 {[%emt 0:00:07]} Nc6 {[%emt 0:00:07]} 7. Be3 {[%emt 0:00:11]} Bf5 {[%emt 0:00:13]} 8. Nc3 {[%emt 0:02:46]} e6 {[%emt 0:00:11]} 9. Nf3 {[%emt 0:00:20]} Be7 {[%emt 0:00:49]} 10. d5 {[%emt 0:03:10]} exd5 {[%emt 0:00:08]} 11. cxd5 {[%emt 0:00:40]} Nb4 {[%emt 0:00:31]} 12. Nd4 {[%emt 0:03:07]} Bd7 {[%emt 0:00:18]} 13. e6 {[%emt 0:11:35]} fxe6 {[%emt 0:00:10]} 14. dxe6 {[%emt 0:00:13]} Bc6 {[%emt 0:00:07]} 15. a3 {[%emt 0:09:36]} Bh4+ {[%emt 0:06:33]} 16. g3 {[%emt 0:00:20]} Bxh1 {[%emt 0:00:55]} 17. axb4 {[%emt 0:00:07]} Bf6 {[%emt 0:03:18]} 18. Bd3 {[%emt 0:06:45]} Qe7 {[%emt 0:03:45]} 19. Qh5+ {[%emt 0:22:35]} g6 {[%emt 0:00:54]} 20. Bxg6+ {[%emt 0:02:16]} hxg6 {[%emt 0:00:50]} 21. Qxg6+ {[%emt 0:00:06]} Kd8 {[%emt 0:11:01]} 22. O-O-O {[%emt 0:03:42]} Nd5 {[%emt 0:09:58]} 23. Nf5 {[%emt 0:09:54]} Qxe6 {[%emt 0:02:58]} 24. Bd4 {[%emt 0:01:43]} Kc8 {[%emt 0:04:19]} 25. Nxd5 {[%emt 0:06:56]} Bxd5 {[%emt 0:10:17]} 26. Bxf6 {[%emt 0:04:00]} Kb8 {[%emt 0:28:31]} 27. Rxd5 {[%emt 0:03:19]} Qxd5 {[%emt 0:00:10]} 28. Bxh8 {[%emt 0:00:23]} Qh1+ {[%emt 0:00:12]} 29. Kd2 {[%emt 0:00:54]} Qxh2+ {[%emt 0:00:07]} 30. Ke3 {[%emt 0:04:54]} Qxh8 {[%emt 0:00:08]} 31. Nd4 {[%emt 0:03:29]} Qe5+ {[%emt 0:02:45]} 32. Kd3 {[%emt 0:00:05]} a6 {[%emt 0:00:22]} 33. g4 {[%emt 0:00:37]} Ka7 {[%emt 0:00:28]} 34. Qf5 {[%emt 0:01:45]} Qd6 {[%emt 0:04:31]} 35. g5 {[%emt 0:00:39]} Rg8 {[%emt 0:03:19]} 36. Kc4 {[%emt 0:00:30]} Kb8 {[%emt 0:02:33]} 37. Ne6 {[%emt 0:00:22]} Qc6+ {[%emt 0:02:21]} 38. Kb3 {[%emt 0:00:34]} Re8 {[%emt 0:00:29]} 39. Nc5 {[%emt 0:00:28]} b6 {[%emt 0:02:10]} 40. Na4 {[%emt 0:00:41]} Qe6+ {[%emt 0:32:01]} 41. Qxe6 {[%emt 0:02:08]} Rxe6 {[%emt 0:00:00]} 42. Nc3 {[%emt 0:00:08]} Re5 {[%emt 0:00:00]} 43. Ka4 {[%emt 0:02:14]} Rxg5 {[%emt 0:00:00]} 44. b5 {[%emt 0:00:17]} Rg4+ {[%emt 0:00:00]} 45. Ka3 {[%emt 0:00:23]} a5 {[%emt 0:00:00]} 46. Nd5 {[%emt 0:01:32]} Rg5 {[%emt 0:00:00]} 47. Nc3 {[%emt 0:00:16]} Rc5 {[%emt 0:00:00]} 48. Kb3 {[%emt 0:00:23]} Kc8 {[%emt 0:00:00]} 49. Kc2 {[%emt 0:00:04]} Kd7 {[%emt 0:00:00]} 50. Kd3 {[%emt 0:00:04]} Kd6 {[%emt 0:00:00]} 51. Ne4+ {[%emt 0:00:15]} Kd5 {[%emt 0:00:00]} 52. Nf6+ {[%emt 0:00:07]} Ke6 {[%emt 0:00:00]} 53. Ne8 {[%emt 0:00:13]} Ke7 {[%emt 0:00:00]} 0-1

[Event "NOR-chT Codanserien 2017-18"]
[Site "Oslo"]
[Date "2018.01.13"]
[Round "5"]
[White "Strand, Hakon"]
[Black "Berg, Johan"]
[Result "1/2-1/2"]
[WhiteElo "2173"]
[BlackElo "2212"]
[Annotator "NA"]
[PlyCount "63"]
[EventDate "2018.??.??"]
[EventType "team-tourn"]
[EventCountry "NOR"]
[SourceTitle "playchess.com"]
[Source "ChessBase"]
[SourceQuality "1"]
[TimeControl "40/5400+30:1800+30"]

1. d4 {[%emt 0:00:00]} Nf6 {[%emt 0:01:15]} 2. c4 {[%emt 0:00:00]} c5 {[%emt 0:02:31]} 3. Nf3 {[%emt 0:03:46]} cxd4 {[%emt 0:04:00]} 4. Nxd4 {[%emt 0:00:12]} Nc6 {[%emt 0:01:00]} 5. Nc3 {[%emt 0:02:29]} e6 {[%emt 0:03:33]} 6. g3 {[%emt 0:08:09]} a6 {[%emt 0:08:43]} 7. Bg2 {[%emt 0:01:35]} Qc7 {[%emt 0:00:19]} 8. Nc2 {[%emt 0:10:39]} Be7 {[%emt 0:04:44]} 9. O-O {[%emt 0:03:24]} b6 {[%emt 0:02:20]} 10. Bf4 {[%emt 0:07:56]} d6 {[%emt 0:01:25]} 11. Rc1 {[%emt 0:00:50]} Bb7 {[%emt 0:04:13]} 12. Ne3 {[%emt 0:07:14]} Ne5 {[%emt 0:05:44]} 13. Qa4+ {[%emt 0:09:58]} Nfd7 {[%emt 0:01:05]} 14. Bxe5 {[%emt 0:09:25]} dxe5 {[%emt 0:00:16]} 15. Rfd1 {[%emt 0:01:09]} Rd8 {[%emt 0:02:28]} 16. b4 {[%emt 0:20:38]} O-O {[%emt 0:02:01]} 17. c5 {[%emt 0:00:54]} Bxg2 {[%emt 0:13:13]} 18. Kxg2 {[%emt 0:01:30]} bxc5 {[%emt 0:01:03]} 19. Qxa6 {[%emt 0:00:29]} Bg5 {[%emt 0:14:30]} 20. Nb5 {[%emt 0:02:39]} Qb8 {[%emt 0:01:12]} 21. Qc6 {[%emt 0:03:34]} Rc8 {[%emt 0:05:08]} 22. Qxd7 {[%emt 0:01:37]} Rfd8 {[%emt 0:02:15]} 23. Qa7 {[%emt 0:00:05]} Qxb5 {[%emt 0:00:52]} 24. Rxd8+ {[%emt 0:01:16]} Rxd8 {[%emt 0:01:33]} 25. Qxc5 {[%emt 0:00:46]} Qxe2 {[%emt 0:01:51]} 26. Rc2 {[%emt 0:00:44]} Bxe3 {[%emt 0:04:52]} 27. Rxe2 {[%emt 0:00:06]} Bxc5 {[%emt 0:00:04]} 28. bxc5 {[%emt 0:00:05]} f6 {[%emt 0:01:06]} 29. Rc2 {[%emt 0:01:01]} Kf7 {[%emt 0:03:24]} 30. Kf3 {[%emt 0:00:29]} Ke7 {[%emt 0:00:44]} 31. Rb2 {[%emt 0:01:17]} Rd7 {[%emt 0:03:06]} 32. Ke3 {[%emt 0:00:39]} 1/2-1/2